000
00324nam a22001337a 4500
008
171010b xxu||||| |||| 00| 0 eng d
020
_a
9780073380087
041
_a
eng
080
_2
4TH
_a
316
100
_a
50
101
_a
SOC
245
_a
THE SOCIAL CONSTRUCTION OF DIFFERENCE AND INEQUALITY
_c
ORE,T.E
942
_2
udc
_c
BK
999
_c
32853
_d
32853